000
00281 a2200121 4500
000
nam a22 7a 4500
005
20260428170755.0
020
_a
9780262549400
100
_a
Mark Rowlands
_9
1110454
245
_a
Animal Rights
260
_b
The MIT Press
_c
2025
942
_c
TEXL
999
_c
1848621
_d
1848621